De l'aide a la recolonisation les lecons d'un échec

Αποθηκεύτηκε σε:
Λεπτομέρειες βιβλιογραφικής εγγραφής
Κύριος συγγραφέας: Mende, Tibor
Μορφή: Βιβλίο
Γλώσσα:Undetermined
Έκδοση: Paris Éditions Du Seuil 1972
Θέματα:
Ετικέτες: Προσθήκη ετικέτας
Δεν υπάρχουν, Καταχωρήστε ετικέτα πρώτοι!
Thư viện lưu trữ: Trung tâm Học liệu Trường Đại học Cần Thơ
LEADER 00491nam a2200181Ia 4500
001 CTU_105307
008 210402s9999 xx 000 0 und d
082 |a 944.08 
082 |b M537 
100 |a Mende, Tibor 
245 0 |a De l'aide a la recolonisation les lecons d'un échec 
245 0 |c Tibor Mende 
260 |a Paris 
260 |b Éditions Du Seuil 
260 |c 1972 
650 |a Recolonisation 
904 |i Hiếu 
980 |a Trung tâm Học liệu Trường Đại học Cần Thơ